000 00759nam a2200241Ia 4500
003 OSt
005 20220923222101.0
006 a|||||r|||| 00| 0
007 ta
008 220922b |||||||| |||| 00| 0 hin d
024 _a202,915
037 _cTextual
040 _aARTS
_cARTS
_bhin
041 _2hin
_ahin
082 _aO157,3N12,22, 152K9
100 _aमिश्र, विमल; देवड़ा, पुष्पा
_9165868
245 0 _aपटरानी
246 _aPaṭarānī
260 _c1966
650 _aबंगाली साहित्य
_9156264
942 _hO157,3N12,22, 152K9
_cTEXL
_2CC
999 _c353716
_d353716